Statistics for five most popular songs of Ariana Grande

Click here to take the quiz!

General Stats

  • This quiz has been taken 371 times
    (283 since last reset)
  • The average score is 3 of 5

Answer Stats

Hint Answer ft % Correct
1side to sideNicki Minaj
89%
2ProblemIggy Azalea
88%
3Break FreeZedd
85%
5Into you-
39%
4Focus-
32%

Score Distribution

Percentile by Number Answered

Percent of People with Each Score

Your Score History

You have not taken this quiz since the last reset